[Event "Cairo Egyptian op"]
[Site "Cairo"]
[Date "2016.04.24"]
[Round "4"]
[White "Abd El Fatah, Reda Fadel"]
[Black "Mostafa, Ali"]
[Result "1-0"]
[WhiteElo "2130"]
[BlackElo "1843"]
[PlyCount "173"]
[EventDate "2016.04.22"]
[EventType "swiss"]
[EventRounds "9"]
[EventCountry "EGY"]
[SourceTitle "CBM 172 Extra"]
[Source "ChessBase"]
[SourceDate "2016.06.21"]
[SourceVersion "1"]
[SourceVersionDate "2016.06.21"]
[SourceQuality "1"]

1. c4 Nf6 2. Nc3 d5 3. cxd5 Nxd5 4. g3 g6 5. Bg2 Nxc3 6. bxc3 Bg7 7. Rb1 Nc6 8. Nf3 0-0 9. 0-0 Rb8 10. Qc2 Bd7 11. d4 Qc8 12. Ba3 Re8 13. e4 Bh3 14. Rfe1 Bxg2 15. Kxg2 Na5 16. c4 Nc6 17. e5 Qg4 18. d5 Qxf3+ 19. Kxf3 Nd4+ 20. Ke4 Nxc2 21. Bb2 Nxe1 22. Rxe1 c6 23. Bd4 cxd5+ 24. cxd5 b6 25. Re3 Rec8 26. Ra3 Rb7 27. f4 f6 28. g4 Bf8 29. e6 Bg7 30. f5 Bh6 31. h4 Bd2 32. d6 Bb4 33. d7 Rd8 34. Rb3 Bd6 35. Rd3 Rc7 36. g5 fxg5 37. fxg6 gxh4 38. g7 Rb7 39. Bf6 Rbxd7 40. exd7 Rxd7 41. Bb2 Rc7 42. Rf3 Rc8 43. Kd5 Bg3 44. Ke6 Bd6 45. Bd4 h6 46. Rf5 Bc5 47. Be5 Rc6+ 48. Kd7 Rf6 49. Bxf6 exf6 50. Rxf6 Kxg7 51. Ke6 h3 52. Rf7+ Kg6 53. Rf3 h2 54. Rg3+ Kh7 55. Rh3 Bg1 56. Kf7 a6 57. Kf6 Bd4+ 58. Kf5 Bg1 59. Kf4 Kg6 60. Kf3 a5 61. Kg2 Kg5 62. Rg3+ Kf4 63. Rh3 Ke4 64. Rxh6 Kd5 65. Rh4 Kc5 66. Kf3 a4 67. Ke2 b5 68. Kf1 b4 69. Kg2 Bd4 70. Rxh2 Kc4 71. Kf3 Kd3 72. Rh7 Kc2 73. Ke4 Bc3 74. Kd5 Kb1 75. Rh2 b3 76. axb3 axb3 77. Kc4 Be5 78. Re2 b2 79. Rxe5 Kc2 80. Re2+ Kc1 81. Kc3 b1N+ 82. Kd3 Na3 83. Ra2 Nb5 84. Ra5 Nd6 85. Rd5 Nf7 86. Ke4 Kc2 87. Kf5 1-0